000 01382nam a2200325 a 4500
001 BRCA_3094
005 20190320204116.0
008 280109s1836----fr-a---###---#000-0dfre-u
041 _afre
044 _afr
084 _a399
_b.D83
_c1836
100 1 _aCervantes Saavedra, Miguel de
_d1547-1616
_9213
245 1 0 _aL´Ingenieux Hidalgo Don Quichotte de la Manche
_cpar Miguel de Cervantes Saavedra.
260 _aParís
_bJ.J. Dubochet
_c1836
300 _a2 v.
_bil.
_c27 cm.
500 _aContenido : v 1. Primera parte. Noticia sobre la vida y obra de Cervantes por L. Viardot. Prólogo del autor. Texto. -- v 2. Segunda parte. Prólogo del autor. Texto
500 _aEdición : Traduite et annoté par Louis Viardot. Vignettes de Tony Johannot
500 _aEjemplar enteramente igual al LO-398. Semipiel; lomeras adornadas con dorados Lúdovik Osterc
500 _aQM325
546 _aTexto en : francés
650 1 4 _aNovela española
_yÉpoca clásica, 1500-1700
_9215
650 1 4 _aLiteratura española
_yÉpoca clásica, 1500-1700
_9216
650 1 4 _aNovela española
_ySiglo XVII
_9217
650 1 4 _aDon Quijote (Personaje ficticio)
_eNovela
_9218
700 1 _aViardot, Louis
_d1800-1883
_eTraductor
_98437
700 1 _aJohannot, Tony
_d1803-1852
_eIlustrador
_98438
740 0 _aEl Ingenioso Hidalgo Don Quijote de la Mancha
902 _aQFM
942 _2lcc
_cB
999 _c2830
_d2830